Due process and fair procedures. A study of administrative procedures

Guardat en:
Dades bibliogràfiques
Autor principal: Galligan, D. J (Autor)
Format: Llibre
Idioma:anglès
Publicat: New York, USA. Oxford University Press, 1996
Matèries:
Accés en línia:Disponible Online
Etiquetes: Afegir etiqueta
Sense etiquetes, Sigues el primer a etiquetar aquest registre!

MARC

LEADER 00000nam a2200000 a 4500
001 UCI0335
003 CL-VaPUC
005 20211004115156.0
008 070504e19960000US |||||||||||||||||eng|d
999 |c 325571  |d 325569 
020 |a 0198256760 
040 |c Pontificia Universidad Católica de Valparaíso 
082 0 4 |a 342.06 GAL 1996  |2 21 
100 0 |a Galligan, D. J  |e author  |9 520516 
245 1 0 |a Due process and fair procedures.  |b A study of administrative procedures 
260 |a New York, USA.  |b Oxford University Press,   |c 1996 
300 |a 537 páginas  
583 |a last modification  |c 20130305 09:03:55  |k Rodrigo Vera 
650 0 |a Derecho administrativo  |9 254851 
650 0 |a Responsabilidad civil  |2 CL-VaPUC  |9 295720 
650 0 |a Debido proceso  |2 CL-VaPUC  |9 520518 
650 0 |a Jurisdicción  |9 255090 
856 |u https://oxford.universitypressscholarship.com/view/10.1093/acprof:oso/9780198256762.001.0001/acprof-9780198256762?rskey=Q0umoD&result=2  |y Disponible Online  
942 |c BK  |2 ddc 
945 |d 20070504 00:00:00  |a jtorresc 
952 |0 0  |1 0  |4 0  |6 342_060000000000000_GAL_2004  |7 0  |8 A  |9 406559  |a BIBDER  |b BIBDER  |d 2019-11-22  |i 428707K  |l 2  |o 342.06 GAL 2004  |p 428707K  |r 2023-01-25  |s 2021-09-30  |w 2019-11-22  |y BK  |k DER